000 01897nam2a2200301 4500
001 rc\2666239
005 20260315044028.0
035 _a(NLR Aleph) 006972762
090 _a13567217
_c13567217
100 _a20110619d1928 u y0rusy50 ca
101 0 _arus
102 _aRU
105 _ay z |||||
200 1 _aСвадьба Чехова
210 _d1928
215 _a48 с.
423 0 _12001#$aТоварищ из центра
_1700#1$aЗадонский$bН.$4070
_tТоварищ из центра
_aЗадонский, Н.
423 0 _12001#$aБлаженны нищие
_1700#1$aАрдов$bВ.$4070
_1701#1$aГутман$bД.$4070
_tБлаженны нищие
_aАрдов, В.
423 0 _12001#$aНе закрывайте забыл
_1700#1$aВольпин$bМ. Д.$cдраматург, киносценарист$f1902-1988$gМихаил Давидович$3RU\NLR\AUTH\770206181$4070
_tНе закрывайте забыл
_aВольпин, Михаил Давидович (драматург, киносценарист ; 1902-1988)
423 0 _12001#$aБлаготворительный концерт в городе Криворыльске
_1700#0$aАгуар$4070
_tБлаготворительный концерт в городе Криворыльске
_aАгуар
461 0 _1001rc\2666235
_12001#$aСоветский водевиль для рабочего, крестьянского и комсомольского театра$eСборник 3-8$vСборник 6
_95457067
_cМосква
_d1928-1929
_nМодпик
_oСборник 3-8
_tСоветский водевиль для рабочего, крестьянского и комсомольского театра
_vСборник 6
700 1 _aБалагин
_bА.
801 0 _aRU
_bNLR
_gpsbo
801 1 _aRU
_bELAR
_2rusmarc
852 _aNLR
_j34/990
942 _cUNSPEC
980 _aNB